Santālī praveśikā. (Record no. 83203)

MARC details
000 -LEADER
fixed length control field 00528cam a22002171 4500
001 - CONTROL NUMBER
control field sa 68009867
003 - CONTROL NUMBER IDENTIFIER
control field DLC
005 - DATE AND TIME OF LATEST TRANSACTION
control field 20260227112547.0
008 - FIXED-LENGTH DATA ELEMENTS--GENERAL INFORMATION
fixed length control field 890912m19621968ii 000 0 inco
010 ## - LIBRARY OF CONGRESS CONTROL NUMBER
LC control number sa 68009867
035 ## - SYSTEM CONTROL NUMBER
System control number (OCoLC)20328239
040 ## - CATALOGING SOURCE
Original cataloging agency DLC
Transcribing agency WaU
Modifying agency DLC
042 ## - AUTHENTICATION CODE
Authentication code premarc
050 00 - LIBRARY OF CONGRESS CALL NUMBER
Classification number PL4563
Item number .S2
100 1# - MAIN ENTRY--PERSONAL NAME
Personal name Sāhu, Domana,
Dates associated with a name 1924-
245 10 - TITLE STATEMENT
Title Santālī praveśikā.
260 ## - PUBLICATION, DISTRIBUTION, ETC.
Date of publication, distribution, etc. 1962-68
300 ## - PHYSICAL DESCRIPTION
Extent 2 v. in 1.
Dimensions 19 cm.
500 ## - GENERAL NOTE
General note In Santali.
650 #0 - SUBJECT ADDED ENTRY--TOPICAL TERM
Topical term or geographic name entry element Santali language
Form subdivision Readers.

No items available.

Powered by Koha